000 00711cam a2200277 4500
001 J90540
008 090401t1998 xxu||||| |||| 00| 0 eng d
035 _a(Sirsi) u85004
041 _aeng
050 _a333.337016
110 _aHillier Parker
_92054
245 _aHillier Parker rent index. - February 1998 - November 1998
260 _aLondon
_bHillier Parker
_c1998
300 _a4 pt. ; 30cm.
350 _a15
650 _aHILLIER PARKER RENT INDEX
650 _aINDICES
650 _aINDUSTRIAL PROPERTY
650 _aOFFICES
650 _aRENTS
650 _aSHOPS
690 _aPROPERTY-COMMERCIAL PROPERTY
710 _aCB Hillier Parker
_93660
942 _n0
948 _c18/03/1998
999 _c96999
_d96999